|
|
|
|
| LEADER |
00000nam0a2200000 4500 |
| 001 |
679723 |
| 005 |
20250512121708.0 |
| 010 |
|
|
|a 978-5-406-09944-5
|
| 090 |
|
|
|a 679723
|
| 100 |
|
|
|a 20250416d2024 m||y0rusy50 ca
|
| 101 |
0 |
|
|a rus
|
| 102 |
|
|
|a RU
|
| 105 |
|
|
|a a j 001yy
|
| 181 |
|
0 |
|a i
|b e
|
| 182 |
|
0 |
|a n
|
| 183 |
|
0 |
|a nc
|2 RDAcarrier
|
| 200 |
1 |
|
|a Ядерная физика
|e учебное пособие
|f В. А. Мазурова
|
| 203 |
|
|
|a Текст
|b визуальный
|c непосредственный
|
| 210 |
|
|
|a Москва
|c Кнорус
|d 2024
|
| 215 |
|
|
|a 346 с.
|c ил.
|
| 225 |
1 |
|
|a Бакалавриат
|
| 283 |
|
|
|a volume
|2 RDAcarrier
|
| 320 |
|
|
|a Библиогр.: с. 344-346
|
| 330 |
|
|
|a Изложены современные представления об элементарных частицах, их свойствах, взаимодействиях и взаимопревращениях. Рассмотрены основные характеристики, свойства атомных ядер, радиоактивный распад атомных ядер, ионизирующие излучения, ядерные реакции и ядерная энергетика. Основное внимание автор уделил рассмотрению физического смысла описываемых процессов (явлений). Соответствует ФГОС ВО последнего поколения.
|
| 606 |
1 |
|
|a Ядерная физика
|9 46524
|
| 610 |
1 |
|
|a элементарные частицы
|
| 610 |
1 |
|
|a атомное ядро
|
| 610 |
1 |
|
|a радиоактивный распад
|
| 610 |
1 |
|
|a ионизирующее излучение
|
| 610 |
1 |
|
|a ядерные реакции
|
| 610 |
1 |
|
|a ядерная энергетика
|
| 610 |
1 |
|
|a радиоактивность
|
| 610 |
1 |
|
|a электронный распад
|
| 610 |
1 |
|
|a альфа-излучение
|
| 610 |
1 |
|
|a бета-излучение
|
| 610 |
1 |
|
|a гамма-излучение
|
| 610 |
1 |
|
|a нейтронное излучение
|
| 610 |
1 |
|
|a учебные пособия
|
| 675 |
|
|
|a 539.14(075.8)
|v 4
|
| 700 |
|
1 |
|a Мазурова
|b В. А.
|g Вера Александровна
|
| 801 |
|
0 |
|a RU
|b 63413507
|c 20250415
|
| 850 |
|
|
|a 63413507
|
| 942 |
|
|
|c BK
|